00605 a2200169 4500040001300000082001100013100002700024245007200051260003500123300002200158500001900180650002900199700002500228942002400253999001500277952014300292 aDLCbDLC a297.63 aQazi Muhammad Sulaiman aMuhammad (S.A.W) Mercy for the WorldscQazi Muhammad SulaimanhBook aKarachi :bDarul Ishaatc2002. a775 p. ; .c24 cm aIncludes Index aMuhammad, Prophet, d632. aSalman Mansoor Puri. cBKk297.63 QAZ2ddc c7270d7270 001040708NFICaCLbCLcGENd2004-06-19eSaeed Book Bankg408.00l3m3o297.63 QAZpSEECS004613r2021-03-09s2020-11-19w2017-01-05yREF